Stancii technologičeskogo kisloroda.

Uložené v:
Podrobná bibliografia
Hlavný autor: Davydov, N. I.
Médium: Kniha
Jazyk:Slovak
Vydané: Mva, 1959.
Fyzický popis: 363 s.
Tagy: Pridať tag
Žiadne tagy, Buďte prvý kto otaguje tento záznam!

MARC

LEADER 00000nam a22000004a 4500
001 000618521
005 20190620103108.0
008 190620s1959 xo e 000 0 slo d
040 |a SVKKK  |b slo  |c SVKKK  |e AACR2 
100 1 |a Davydov, N. I. 
245 1 0 |a Stancii technologičeskogo kisloroda. 
260 |a Mva,  |c 1959. 
300 |a 363 s. 
500 |a Záznam revízie 
910 |a svkkk 
998 |a BK 
090 |g SCKHL  |k Sklad Pribinova 2. posch.  |a III.80487  |j 198855  |i 2720664350  |s Vyradená